Statystyki dla Najdrozsi zawodnicy z afryki

Kliknij tutaj aby rozwiązać quiz!

Ogólne statystyki

  • Ten quiz został rozwiązany 15 razy
  • Średni wynik to 9 z 50

Statystyki odpowiedzi

HintOdpowiedź% Poprawnych
22mlnMane
80%
120mlnOsimhen
73%
65mlnSalah
73%
65mlnHakimi
53%
40mlnOnana
47%
20mlnMahrez
40%
30mlnAmrabat
33%
20mlnZaha
33%
35mlnAguerd
27%
40mlnBoniface
27%
25mlnHaller
27%
30mlnLookman
27%
35mlnPartey
27%
35mlnSarr
27%
38mlnBennacer
20%
22mlnDia
20%
32mlnFofana
20%
28mlnIwobi
20%
25mlnKessie
20%
40mlnKudus
20%
25mlnNdidi
20%
40mlnTapsoba
20%
30mlnAwoniyi
13%
25mlnBenrahma
13%
30mlnBissouma
13%
35mlnJackson
13%
25mlnMoffi
13%
20mlnToure
13%
40mlnZambo Anguissa
13%
25mlnAit nouri
7%
20mlnBensebaini
7%
30mlnCamara
7%
25mlnChukwueze
7%
35mlnDoucoure
7%
40mlnGuirassy
7%
28mlnKossounou
7%
35mlnSangare
7%
22mlnSulemana
7%
25mlnWilliams
7%
25mlnAdli
0%
20mlnBaleba
0%
20mlnBamba
0%
25mlnDiomande
0%
35mlnGouiri
0%
28mlnMazrouri
0%
35mlnMbeumo
0%
28mlnNdicka
0%
20mlnNuamah
0%
25mlnOuatarra
0%
22mlnTraote
0%

Rozkład punktacji

Percentyl według liczby udzielonych odpowiedzi

Procent ludzi z każdym wynikiem

Twoja historia wyników

Nie rozwiązałeś tego quizu